| 000 | 00447nam a22001697a 4500 | ||
|---|---|---|---|
| 003 | CEME | ||
| 005 | 20210628205414.0 | ||
| 008 | 210315b xxu||||| |||| 00| 0 eng d | ||
| 020 | _a0-412-54360-5 | ||
| 040 | _c. | ||
| 082 | _a671.3 HAL'P | ||
| 100 |
_aWeill, Ronald.D Halevi, Gideon _975397 |
||
| 245 | _aPrinciples of process planning a logical approach | ||
| 260 |
_aLONDON _bCHAPMAN & HALL _c1995 |
||
| 300 | _aXI, 399P | ||
| 942 |
_cBK _2ddc |
||
| 999 |
_c580821 _d580821 |
||